Deutsch Heute: Sprachentwicklung-Sprachwandel-Sprachkultur bakalárska práca

Saved in:
Bibliographic Details
Main Author: Gulyás, Eszter
Corporate Author: Fakulta aplikovaných jazykov EU v Bratislave. Katedra jazykovedy a translatológie
Other Authors: Adamcová, Lívia
Format: Book
Language:German
Published: Bratislava 2019
Tags: Add Tag
No Tags, Be the first to tag this record!

MARC

LEADER 00000nbm a2200000 4500
001 0254721
005 20191106104939.3
041 0 |a ger 
044 |a SK 
245 1 0 |a Deutsch Heute: Sprachentwicklung-Sprachwandel-Sprachkultur  |b bakalárska práca  |c Eszter Gulyás ; školiteľ: Lívia Adamcová 
264 1 |a Bratislava  |c 2019 
300 |a 61 s. 
100 1 |a Gulyás, Eszter 
700 1 |a Adamcová, Lívia 
710 2 |a Fakulta aplikovaných jazykov EU v Bratislave. Katedra jazykovedy a translatológie